000 00803nam a22002657a 4500
003 OSt
005 20210422050336.0
008 201221s2000 ||||| |||| 00| 0 eng d
020 _a0323002595
020 _a0323002587
040 _aeng
_beng
_cDLC
041 _aeng
080 _a616-08
_bO-16
100 _9565
_aO'Brien, Patricia
245 _aMedical-Surgical Nursing / Assessment and Management of Clinical Problems
_b: Study Guide to Accompany
_c/ by: Mosby
250 _a5th edition
260 _aSt. Louis
_bMosby
_c2000
300 _a612 p.
_bill.
650 0 _9285
_aPatient Care
653 _aპაციენტის მოვლა
700 _9566
_aLewis, Mantik Sharon
700 _9567
_aHeitkemper, McLean Margaret
700 _9568
_aDirksen, Ruff Shannon
942 _2udc
_cBK
_e5
999 _c741
_d741